Rhode Island County Seats - Statistics

General Stats
  • This quiz has been taken 27 times
  • The average score is 4 of 5
Answer Stats
County County Seat % Correct
Providence Providence
100%
Newport Newport
94%
Bristol Bristol
81%
Washington South Kingstown
50%
Kent East Greenwich
44%
No matching quizzes found
Score Distribution
Percent of People with Each Score
Percentile by Number Answered
Your Score History
You have not taken this quiz